Diesel engines, operation and maintenance; a practical text on the construction, operation, and repair of heavy-duty engines (Record no. 2730)

000 -LEADER
fixed length control field 00512nam a22001577a 4500
008 - FIXED-LENGTH DATA ELEMENTS--GENERAL INFORMATION
fixed length control field 200316b ||||| |||| 00| 0 eng d
082 00 - DEWEY DECIMAL CLASSIFICATION NUMBER
Classification number 621.436
Item number M8781
100 ## - MAIN ENTRY--PERSONAL NAME
9 (RLIN) 2016
Personal name Morrison, L. H.
245 10 - TITLE STATEMENT
Title Diesel engines, operation and maintenance; a practical text on the construction, operation, and repair of heavy-duty engines
250 ## - EDITION STATEMENT
Edition statement 10th ed.
260 ## - PUBLICATION, DISTRIBUTION, ETC. (IMPRINT)
Place of publication, distribution, etc Chicago
Name of publisher, distributor, etc American Technical Society
Date of publication, distribution, etc 1952
300 ## - PHYSICAL DESCRIPTION
Extent 241 p.
365 ## - TRADE PRICE
Unit of pricing 18.00
650 #0 - SUBJECT ADDED ENTRY--TOPICAL TERM
Topical term or geographic name as entry element Diesel Motors
942 ## - ADDED ENTRY ELEMENTS (KOHA)
Item type Books
Holdings
Withdrawn status Lost status Source of classification or shelving scheme Damaged status Not for loan Permanent location Current location Date acquired Source of acquisition Full call number Barcode Date last seen Koha item type
          IMU Kolkata IMU Kolkata 1954-03-26 A. H. Wheeler 621.436 M8781 02128 2020-03-16 Books
Designed and Maintained by IMU-KC Library, Kolkata Campus © Copyright All Rights Reserved

webs counters

Powered by Koha